Noise and vibration : the undisclosed fear factors behind

Bibliographic Details
Main Author: Mohd Imran Ghazali (Author)
Format: Book
Language:English
Published: Batu Pahat, Johor : Penerbit Universiti Tun Hussien Onn Malaysia , c2010
Series:Syarahan Perdana 2010
Subjects:

MARC

LEADER 00000cam a2200000 7i4500
001 0000069821
005 20101228093000.0
008 101215s2010 my eng
020 |a 9789675457272 (pbk.) 
090 0 0 |a TD892   |b .M55 2010 
100 0 |a Mohd Imran Ghazali ,   |e author 
245 1 0 |a Noise and vibration :   |b the undisclosed fear factors behind   |c Mohd Imran Ghazali 
260 |a Batu Pahat, Johor :   |b Penerbit Universiti Tun Hussien Onn Malaysia ,   |c c2010 
300 |a xiii, 96 p. :   |b ill. ;   |c 21 cm. 
440 0 |a Syarahan Perdana 2010 
504 |a Includes bibliographical references 
505 0 |a 1. Introduction -- 2. Effects of noise -- 3. Occupational noise limits -- 4. Hearing impairment -- 5. Occupational health hazard of noise -- 6. Noise control -- 7. Research at FKMP -- 8. Conclusions -- 9. Introduction -- 10. Effects of vibration -- 11. Health risks, signs and symptoms -- 12. Acceptable vibration levels -- 13. Vibration as health hazard -- 14. Dynamic vibration absorber -- 15. Research at FKMP -- 16. Conclusions -- 17. Future challenges -- 18. Awards -- 19. References -- 20. Curriculum vitae 
650 0 |a Noise control 
650 0 |a Soundproofing 
650 0 |a Vibration 
999 |a 1000135518   |b Book   |c OPEN SHELF (30 DAYS)   |e Gong Badak Campus 
999 |a 1000135519   |b Book   |c OPEN SHELF (30 DAYS)   |e Gong Badak Campus